MY CHILD IS DIFFERENT (Record no. 216808)

MARC details
000 -LEADER
fixed length control field 00557nam a22001697a 4500
008 - FIXED-LENGTH DATA ELEMENTS--GENERAL INFORMATION
fixed length control field 260309b |||||||| |||| 00| 0 eng d
020 ## - INTERNATIONAL STANDARD BOOK NUMBER
International Standard Book Number 978-178583328-1
100 ## - MAIN ENTRY--PERSONAL NAME
Personal name HALLIGAN, ELAINE
245 ## - TITLE STATEMENT
Title MY CHILD IS DIFFERENT
Remainder of title THE LESSONS LEARNED FROM ONE FAMILY'S STRUGGLE TO UNLOCK THEIR SON'S POTENTIAL
260 ## - PUBLICATION, DISTRIBUTION, ETC.
Place of publication, distribution, etc. WALES
Name of publisher, distributor, etc. CROWN HOUSE PUBLISHING
Date of publication, distribution, etc. 2018
300 ## - PHYSICAL DESCRIPTION
Extent XI, 176P.
500 ## - GENERAL NOTE
General note INCLUDES INDEX
650 ## - SUBJECT ADDED ENTRY
Topical term or geographic name entry element 1. PARENTING 2. CHILDREN WITH DISABILITIES - EDUCATION
700 ## - ADDED ENTRY--PERSONAL NAME
Personal name HOOD, MELISSA
942 ## - ADDED ENTRY ELEMENTS (KOHA)
Source of classification or shelving scheme Library of Congress Classification
Koha item type Long Loan Book
Holdings
Withdrawn status Lost status Source of classification or shelving scheme Damaged status Not for loan Collection Home library Current library Shelving location Date acquired Inventory number Total checkouts Full call number Barcode Date last seen Copy number Price effective from Koha item type
    Library of Congress Classification     Arts & Social Sciences Kisii University Library Kisii University Library On Display 03/09/2026 111659   HQ 773 .H35 2018 A000482 03/09/2026 1 03/09/2026 Long Loan Book
    Library of Congress Classification     Arts & Social Sciences Kisii University Library Kisii University Library On Display 03/09/2026 111660   HQ 773 .H35 2018 A000484 03/09/2026 2 03/09/2026 Long Loan Book
    Library of Congress Classification     Arts & Social Sciences Kisii University Library Kisii University Library On Display 03/09/2026 111661   HQ 773 .H35 2018 A000471 03/09/2026 3 03/09/2026 Long Loan Book
    Library of Congress Classification     Arts & Social Sciences Kisii University Library Kisii University Library On Display 03/09/2026 111662   HQ 773 .H35 2018 A000483 03/09/2026 4 03/09/2026 Long Loan Book
    Library of Congress Classification     Arts & Social Sciences Kisii University Library Kisii University Library On Display 03/09/2026 111663   HQ 773 .H35 2018 A000486 03/09/2026 5 03/09/2026 Long Loan Book